Szczegóły MARC21

Prawo wewnątrzszkolne. 4, Stosunek pracy nauczycieli i pracowników niepedagogicznych /

003 -Nazwa inst., której nr kontr. jest w polu 001 [,]
    • @
    • Nazwa instytucji, której n kontrolny jest w polu 001
    • NUKAT
005 -DATA I CZAS OSTATNIEJ MODYFIKACJI [,]
    • @
    • pole kontrolne
    • 20241231111541.0
020 -Międzynarod. znormalizowany nr książki - ISBN [ , ]
    • a
    • Numer ISBN
    • 8385814167 Find
040 -Instytucja sporządzająca opis [ , ]
    • a
    • Instytucja, która sporządziła opis (NP)
    • NUKAT
    • c
    • Instytucja, która sporządziła rekord (NP)
    • LUBL U/GA
    • d
    • Instytucja, która zmodyfikowała rekord (P)
    • LUBL U/GA
    • d
    • Instytucja, która zmodyfikowała rekord (P)
    • Ł U/MRs
942 -Rodzaj dokumentu [ , ]
    • c
    • Rodzaj dokumentu
    • Książka
245 -Strefa tytułu i oznaczenia odpowiedzialności [0,0]
    • a
    • Tytuł
    • Prawo wewnątrzszkolne. Find
    • n
    • Oznaczenie części (P)
    • 4,
    • p
    • Nazwa części (P)
    • Stosunek pracy nauczycieli i pracowników niepedagogicznych /
    • c
    • Pozostałe elementy strefy tytułu i oznaczenia odpowiedzialności (NP)
    • oprac. Paweł Makaruk, Jerzy Gruszka.
260 -Strefa adresu wydawniczego [ , ]
    • a
    • Miejsce wydania (P)
    • Jelenia Góra :
    • b
    • Nazwa wydawcy (P)
    • Wydawnictwo Nauczycielskie,
    • c
    • Data wydania (P)
    • 1997.
300 -Strefa opisu fizycznego [ , ]
    • a
    • Określenie formy książki i/lub objętość (NP)
    • 187, [1] s. ;
    • c
    • Format (NP)
    • 21 cm.
336 -Typ zawartości [ , ]
    • a
    • Termin opisujący typ zawartości
    • Tekst
    • b
    • Kod określający zawartość
    • txt
    • 2
    • Źródło (terminu i kodu)
    • rdacontent
337 -Typ mediów [ , ]
    • a
    • Tryb odtwarzania
    • Bez urządzenia pośredniczącego
    • b
    • Kod typu mediów
    • n
    • 2
    • Źródło (terminu i kodu)
    • rdamedia
338 -Typ/rodzaj nośnika [ , ]
    • a
    • Hasło opisujące typ nośnika
    • Wolumin
    • b
    • Kod typu nośnika
    • nc
    • 2
    • Źródło (terminu i kodu)
    • rdacarrier
490 -Strefa serii i książki wielotomowej - forma nie do wyszukiwania [1, ]
    • a
    • Tytuł (P)
    • Biblioteczka Dyrektora Szkoły Find
490 -Strefa serii i książki wielotomowej - forma nie do wyszukiwania [1, ]
    • a
    • Tytuł (P)
    • Wybrane normy prawne funkcjonowania oświaty ; Find
    • v
    • Numeracja (P)
    • cz. 6
830 -Hasło dodatkowe serii i opisu książki wielotomowej - tytuł ujednolicony/tytuł [ ,0]
    • a
    • Tytuł ujednolicony/tytuł (NP)
    • Biblioteczka Dyrektora Szkoły
    • 9
    • KHW
    • 442772
830 -Hasło dodatkowe serii i opisu książki wielotomowej - tytuł ujednolicony/tytuł [ ,0]
    • a
    • Tytuł ujednolicony/tytuł (NP)
    • Cykl: "Wybrane normy prawne funkcjonowania oświaty"
    • v
    • Oznaczenie tomu (NP)
    • cz. 6
    • 9
    • KHW
    • 442773
500 -Uwaga ogólna [ , ]
    • a
    • Uwaga ogólna (NP)
    • U dołu okł.: Kierowanie szkołą.
080 -Uniwersalna Klasyfikacja Dziesiętna [ , ]
    • a
    • Symbol klasyfikacji
    • 37.014(438)(094.4)
080 -Uniwersalna Klasyfikacja Dziesiętna [ , ]
    • a
    • Symbol klasyfikacji
    • :371(438)(094.4)
080 -Uniwersalna Klasyfikacja Dziesiętna [ , ]
    • a
    • Symbol klasyfikacji
    • :351.85(438)(094.4)
650 -Hasło przedmiotowe [ ,7]
    • a
    • Hasło przedmiotowe
    • Edukacja
    • x
    • Określnik rzeczowy
    • prawo
    • z
    • Określnik geograficzny
    • Polska
    • y
    • Określnik chronologiczny
    • 1990-.
    • 2
    • Źródło terminu
    • kaba
    • 9
    • KHW
    • 362570
650 -Hasło przedmiotowe [ ,7]
    • a
    • Hasło przedmiotowe
    • Nauczyciele
    • x
    • Określnik rzeczowy
    • status prawny
    • z
    • Określnik geograficzny
    • Polska
    • y
    • Określnik chronologiczny
    • 1990-.
    • 2
    • Źródło terminu
    • kaba
    • 9
    • KHW
    • 388521
650 -Hasło przedmiotowe [ ,7]
    • a
    • Hasło przedmiotowe
    • Prawo pracy
    • z
    • Określnik geograficzny
    • Polska
    • y
    • Określnik chronologiczny
    • 1990-.
    • 2
    • Źródło terminu
    • kaba
    • 9
    • KHW
    • 361278
980 -Symbol UKD [ , ]
    • a
    • UKD
    • 37.014(438)(094.4):371(438)(094.4):351.85(438)(094.4)
700 -Hasło dodatkowe - nazwa osobowa [1, ]
    • a
    • Nazwa osobowa (NP)
    • Makaruk, Paweł. Find
    • 9
    • KHW
    • 492170
700 -Hasło dodatkowe - nazwa osobowa [1, ]
    • a
    • Nazwa osobowa (NP)
    • Gruszka, Jerzy. Find
    • 9
    • KHW
    • 442771
710 -Hasło dodatkowe - nazwa ciała zbiorowego [2, ]
    • a
    • Nazwa ciała zbiorowego lub nazwa geograficzna jako pierwszy element (NP)
    • Wydawnictwo Nauczycielskie.
    • 4
    • Kod relacji
    • pbl
    • 9
    • KHW
    • 429985
920 -ISBN [ , ]
    • a
    • ISBN
    • 83-85814-16-7 Find
Sygnatura Data inwentaryzacji Lokalizacja Status udost. Numer inwentarzowy
Pd.10607/41998-05-04BG1Pd.10902